LIBRARY & INFORMATION CENTRE, KCAET, TAVANUR

ONLINE PUBLIC ACCESS CATALOGUE (OPAC)

Integral calculus for beginners / (Record no. 2286)

MARC details
000 -LEADER
fixed length control field 00447cam a2200181ua 4500
041 ## - LANGUAGE CODE
Language code of text/sound track or separate title eng
082 ## - DEWEY DECIMAL CLASSIFICATION NUMBER
Classification number 515.43
Item number EDW/ IN
100 ## - MAIN ENTRY--AUTHOR NAME
Personal name Edwards, Joseph .
245 ## - TITLE STATEMENT
Title Integral calculus for beginners /
260 ## - PUBLICATION, DISTRIBUTION, ETC. (IMPRINT)
Place of publication London :
Name of publisher Macmillan &company ,
Year of publication 1961.
300 ## - PHYSICAL DESCRIPTION
Number of Pages 308 ; .
942 ## - ADDED ENTRY ELEMENTS (KOHA)
Koha item type Books
Holdings
Withdrawn status Lost status Damaged status Home library Current library Date acquired Full call number Accession Number Koha item type
      KAUAET KAUAET 07/04/2012 515.43 5323 Books
      KAUAET KAUAET 07/04/2012 515.43 4211 Books
free website counter